[Event "Summer Prague Open A 2020"]
[Site "Prague"]
[Date "2020.08.11"]
[Round "5.17"]
[White "Slampa, Jan"]
[Black "Schmit, Vincent"]
[Result "1-0"]
[WhiteElo "2264"]
[BlackElo "2157"]
[Annotator "ChessBase"]
[PlyCount "67"]
[EventDate "2020.08.08"]
[EventCountry "CZE"]
[SourceTitle "playchess.com"]
[Source "ChessBase"]
[SourceQuality "1"]
[TimeControl "40/5400+30:1800+30"]

1. e4 {[%emt 0:00:00]} e5 {[%emt 0:00:27]} 2. Nf3 {[%emt 0:00:00]} Nc6 {[%emt 0:00:02]} 3. Bb5 {[%emt 0:00:00]} a6 {[%emt 0:00:40]} 4. Ba4 {[%emt 0:00:00]} g6 {[%emt 0:00:44]} 5. O-O {[%emt 0:06:51]} Bg7 {[%emt 0:00:19]} 6. c3 {[%emt 0:00:40]} Nge7 {[%emt 0:00:36]} 7. d4 {[%emt 0:00:36]} exd4 {[%emt 0:00:34]} 8. cxd4 {[%emt 0:00:17]} d5 {[%emt 0:00:22]} 9. exd5 {[%emt 0:05:48]} Nxd5 {[%emt 0:01:09]} 10. Bg5 {[%emt 0:10:10]} Qd6 {[%emt 0:00:55]} 11. Nc3 {[%emt 0:00:56]} O-O {[%emt 0:02:40]} 12. Nxd5 {[%emt 0:06:37]} Qxd5 {[%emt 0:01:05]} 13. Bb3 {[%emt 0:03:05]} Qd6 {[%emt 0:05:54]} 14. d5 {[%emt 0:05:48]} Ne5 {[%emt 0:03:28]} 15. Nd4 {[%emt 0:12:44]} Ng4 {[%emt 0:28:29]} 16. g3 {[%emt 0:08:08]} Qe5 {[%emt 0:08:21]} 17. Nf3 {[%emt 0:00:06]} Qxb2 {[%emt 0:00:26]} 18. Rb1 {[%emt 0:05:31]} Qa3 {[%emt 0:01:40]} 19. Re1 {[%emt 0:01:26]} Nf6 {[%emt 0:05:22]} 20. Rc1 {[%emt 0:03:33]} Qa5 {[%emt 0:09:29]} 21. Re7 {[%emt 0:07:13]} c6 {[%emt 0:05:27]} 22. dxc6 {[%emt 0:04:39]} bxc6 {[%emt 0:01:19]} 23. Qd6 {[%emt 0:00:01]} Bg4 {[%emt 0:05:03]} 24. Bxf6 {[%emt 0:05:51]} Bxf3 {[%emt 0:00:06]} 25. Rxf7 {[%emt 0:00:20]} Rxf7 {[%emt 0:04:27]} 26. Bxf7+ {[%emt 0:00:02]} Kh8 {[%emt 0:00:07]} 27. Qd4 {[%emt 0:00:03]} h6 {[%emt 0:01:33]} 28. Bxg7+ {[%emt 0:00:02]} Kh7 {[%emt 0:00:02]} 29. Bb3 {[%emt 0:02:10]} Re8 {[%emt 0:01:15]} 30. Qc3 {[%emt 0:01:49]} Qf5 {[%emt 0:02:18]} 31. Bd4 {[%emt 0:01:45]} Rf8 {[%emt 0:01:57]} 32. Qc5 {[%emt 0:01:34]} Qg5 {[%emt 0:02:59]} 33. Qa7+ {[%emt 0:00:14]} Rf7 {[%emt 0:00:14]} 34. Qxf7# 1-0

[Event "Summer Prague Open A 2020"]
[Site "Prague"]
[Date "2020.08.11"]
[Round "5.18"]
[White "Marakovits, Nico"]
[Black "Dietz, Florian"]
[Result "1/2-1/2"]
[WhiteElo "2105"]
[BlackElo "2262"]
[Annotator "ChessBase"]
[PlyCount "84"]
[EventDate "2020.08.08"]
[EventCountry "CZE"]
[SourceTitle "playchess.com"]
[Source "ChessBase"]
[SourceQuality "1"]
[TimeControl "40/5400+30:1800+30"]

1. d4 Nf6 2. c4 g6 3. Nc3 Bg7 4. e4 d6 5. Nf3 O-O 6. Be2 e5 7. O-O Nc6 8. dxe5 dxe5 9. Bg5 Qxd1 10. Rfxd1 Bg4 11. Bxf6 Bxf6 12. Nd5 Bd8 13. h3 Bxf3 14. Bxf3 Nd4 15. Ne3 h5 16. Rd3 c6 17. Kf1 Be7 18. Be2 Bc5 19. Rb1 a5 20. b3 Kg7 21. Bd1 Rfd8 22. Nc2 Ne6 23. Be2 Bd4 24. Rdd1 Kf6 25. Bf3 Nf4 26. h4 Bc5 27. Be2 Ke7 28. g3 Ne6 29. Rxd8 Rxd8 30. Rd1 Bd4 31. f3 Bc3 32. Rxd8 Kxd8 33. a3 Kc7 34. b4 Nd4 35. Nxd4 Bxd4 36. bxa5 Bc3 37. c5 Kd7 38. a6 bxa6 39. Bxa6 Bd4 40. Bc4 Ke7 41. a4 Bxc5 42. g4 Bb6 1/2-1/2

[Event "Summer Prague Open A 2020"]
[Site "Prague"]
[Date "2020.08.11"]
[Round "5.19"]
[White "Michalczak, Thomas"]
[Black "Kozak, Milos"]
[Result "1-0"]
[WhiteElo "2245"]
[BlackElo "2174"]
[Annotator "ChessBase"]
[PlyCount "83"]
[EventDate "2020.08.08"]
[EventCountry "CZE"]
[SourceTitle "playchess.com"]
[Source "ChessBase"]
[SourceQuality "1"]
[TimeControl "40/5400+30:1800+30"]

1. e4 e5 2. Nf3 Nc6 3. Bb5 Nf6 4. d3 d6 5. c4 g6 6. Nc3 Bg7 7. O-O O-O 8. Nd5 Nxd5 9. cxd5 Ne7 10. Be3 f5 11. a4 f4 12. Bd2 Bg4 13. h3 Bh5 14. g4 fxg3 15. fxg3 Bxf3 16. Rxf3 Rxf3 17. Qxf3 c6 18. dxc6 bxc6 19. Bc4+ d5 20. exd5 cxd5 21. Ba2 Qb6+ 22. Be3 Qxb2 23. Bxd5+ Kh8 24. Rf1 Rd8 25. Bc4 Qb4 26. Bg5 h6 27. Bf6 Qb6+ 28. Kg2 Bxf6 29. Qxf6+ Qxf6 30. Rxf6 Rd7 31. Re6 Kg7 32. Rxe5 Nf5 33. a5 Nd4 34. a6 Kf6 35. Re8 Re7 36. Rf8+ Kg5 37. h4+ Kh5 38. Kh3 Re3 39. Re8 Rf3 40. Bd5 Rxd3 41. Re5+ Nf5 42. Rxf5+ 1-0

[Event "Summer Prague Open A 2020"]
[Site "Prague"]
[Date "2020.08.12"]
[Round "6.1"]
[White "Petr, Martin"]
[Black "Christiansen, Johan-Sebastian"]
[Result "1/2-1/2"]
[WhiteElo "2464"]
[BlackElo "2612"]
[Annotator "TA"]
[PlyCount "74"]
[EventDate "2020.08.08"]
[EventCountry "CZE"]
[SourceTitle "playchess.com"]
[Source "ChessBase"]
[SourceQuality "1"]

{[%evp 14,74,13,1,1,-6,0,-3,35,0,42,7,6,0,0,0,11,8,16,20,25,0,4,0,0,0,19,0,19,8,10,0,14,0,16,0,0,0,0,0,0,0,0,0,0,0,0,0,0,0,0,0,0,0,0,0,0,0,0,0,0,0,0]} 1. e4 e5 2. Nf3 Nc6 3. d4 exd4 4. Nxd4 Nf6 5. Nc3 Bc5 6. Nxc6 bxc6 7. Bd3 O-O 8. O-O Re8 {C47: Scotch Four Knights and Four Knights with 4 g3.} 9. Na4 {[#]} Bf8 $146 ({Predecessor:} 9... Be7 10. c4 d5 11. e5 Nd7 12. Bf4 dxc4 13. Bxc4 Nb6 14. Bb3 Ba6 15. Qxd8 Raxd8 16. Rfd1 Bb5 17. Nc3 Bc4 18. Bxc4 Nxc4 19. Na4 Nb6 20. Nc3 Nc4 21. Na4 Nb6 22. Nc3 {½-½ (22) Rostad,R (1857)-Pettersen,K (1838) Asker 2015}) 10. Qf3 h6 11. b3 Bd6 12. Bd2 Be5 {[#] White must now prevent ...d5.} 13. Rae1 d5 {Strongly threatening ...Bg4.} 14. Bf4 $1 Bg4 15. Qg3 $1 Nh5 16. Qxg4 Nxf4 17. g3 (17. Ba6 {seems wilder.} h5 18. Qf3 Qd6 19. h4 g6 20. g3) 17... Nxd3 {The position is equal.} 18. cxd3 Qd6 19. Re2 Bd4 20. Rfe1 dxe4 21. Rxe4 Rxe4 22. Qxe4 Rd8 23. Kg2 Bb6 (23... Kf8 {is more complex.} 24. Re2 c5 25. h4 g6 26. Qf3 Re8) 24. Rc1 (24. Rd1 {looks sharper.} g6 25. h4 Bd4 26. Rc1 c5 27. Rc2) 24... Qxd3 25. Qxd3 Rxd3 26. Nxb6 cxb6 27. Rxc6 $11 {[%mdl 4096] Endgame KR-KR} Rd2 28. Rc8+ Kh7 29. Rc7 Rxa2 30. Rxf7 b5 31. Rb7 a6 32. Rb6 Ra3 33. h4 h5 34. f3 Kg8 35. g4 hxg4 36. fxg4 Rxb3 {[#] aiming for ...a5.} 37. Rxa6 Kh7 {An uneventful encounter. Accuracy: White = 92%, Black = 92%.} 1/2-1/2

[Event "Summer Prague Open A 2020"]
[Site "Prague"]
[Date "2020.08.12"]
[Round "6.2"]
[White "Plat, Vojtech"]
[Black "Miedema, David"]
[Result "1-0"]
[WhiteElo "2562"]
[BlackElo "2382"]
[Annotator "ChessBase"]
[PlyCount "83"]
[EventDate "2020.08.08"]
[EventCountry "CZE"]
[SourceTitle "playchess.com"]
[Source "ChessBase"]
[SourceQuality "1"]
[TimeControl "40/5400+30:1800+30"]

1. e4 {[%emt 0:02:55]} e6 {[%emt 0:00:00]} 2. Qe2 {[%emt 0:00:08]} Be7 {[%emt 0:00:00]} 3. g3 {[%emt 0:00:18]} d5 {[%emt 0:00:00]} 4. Nc3 {[%emt 0:02:12]} Nf6 {[%emt 0:00:45]} 5. Bg2 {[%emt 0:00:11]} d4 {[%emt 0:08:46]} 6. Nd1 {[%emt 0:00:03]} c5 {[%emt 0:00:20]} 7. d3 {[%emt 0:00:12]} e5 {[%emt 0:04:10]} 8. f4 {[%emt 0:02:26]} exf4 {[%emt 0:00:04]} 9. gxf4 {[%emt 0:01:23]} Nc6 {[%emt 0:00:04]} 10. Nf3 {[%emt 0:01:05]} Qc7 {[%emt 0:01:05]} 11. c4 {[%emt 0:04:11]} Nh5 {[%emt 0:10:50]} 12. e5 {[%emt 0:00:27]} O-O {[%emt 0:18:12]} 13. Nf2 {[%emt 0:00:33]} f6 {[%emt 0:00:34]} 14. Nh4 {[%emt 0:06:44]} g6 {[%emt 0:00:25]} 15. Rg1 {[%emt 0:09:23]} fxe5 {[%emt 0:09:24]} 16. Bd5+ {[%emt 0:11:05]} Kh8 {[%emt 0:01:08]} 17. Nxg6+ {[%emt 0:00:04]} hxg6 {[%emt 0:00:04]} 18. Rxg6 {[%emt 0:00:01]} Nf6 {[%emt 0:00:18]} 19. Bxc6 {[%emt 0:00:05]} bxc6 {[%emt 0:01:27]} 20. fxe5 {[%emt 0:00:03]} Nh7 {[%emt 0:00:53]} 21. Bh6 {[%emt 0:00:07]} Rf7 {[%emt 0:27:33]} 22. e6 {[%emt 0:02:05]} Bxe6 {[%emt 0:00:09]} 23. Rxe6 {[%emt 0:00:17]} Qxh2 {[%emt 0:07:55]} 24. Rxe7 {[%emt 0:03:46]} Rxe7 {[%emt 0:00:33]} 25. Qxe7 {[%emt 0:00:01]} Qxh6 {[%emt 0:00:05]} 26. Qe5+ {[%emt 0:01:15]} Nf6 {[%emt 0:01:22]} 27. Ke2 {[%emt 0:07:19]} Re8 {[%emt 0:02:17]} 28. Qxe8+ {[%emt 0:00:03]} Nxe8 {[%emt 0:00:01]} 29. Rh1 {[%emt 0:00:05]} Qxh1 {[%emt 0:00:12]} 30. Nxh1 {[%emt 0:00:01]} Nf6 {[%emt 0:00:19]} 31. Ng3 {[%emt 0:00:10]} Kg7 {[%emt 0:00:44]} 32. b4 {[%emt 0:02:40]} Nd7 {[%emt 0:03:10]} 33. bxc5 {[%emt 0:00:11]} Kf6 {[%emt 0:00:04]} 34. Kf3 {[%emt 0:00:57]} Ke5 {[%emt 0:00:08]} 35. Ne4 {[%emt 0:00:05]} a6 {[%emt 0:02:04]} 36. a3 {[%emt 0:01:44]} Kf5 {[%emt 0:01:08]} 37. Nd6+ {[%emt 0:00:13]} Ke6 {[%emt 0:00:12]} 38. Nb7 {[%emt 0:00:05]} Ke5 {[%emt 0:01:29]} 39. Ke2 {[%emt 0:00:16]} Ke6 {[%emt 0:01:00]} 40. Nd8+ {[%emt 0:00:08]} Kf6 {[%emt 0:00:18]} 41. Nxc6 {[%emt 0:30:04]} Nxc5 {[%emt 0:30:04]} 42. Nxd4 {[%emt 0:00:07]} 1-0

[Event "Summer Prague Open A 2020"]
[Site "Prague"]
[Date "2020.08.12"]
[Round "6.3"]
[White "Cernousek, Lukas"]
[Black "Svanda, Ondrej"]
[Result "1/2-1/2"]
[WhiteElo "2458"]
[BlackElo "2238"]
[Annotator "ChessBase"]
[PlyCount "35"]
[EventDate "2020.08.08"]
[EventCountry "CZE"]
[SourceTitle "playchess.com"]
[Source "ChessBase"]
[SourceQuality "1"]
[TimeControl "40/5400+30:1800+30"]

1. d4 {[%emt 0:00:00]} Nf6 {[%emt 0:00:00]} 2. c4 {[%emt 0:00:00]} g6 {[%emt 0:00:00]} 3. g3 {[%emt 0:00:00]} c6 {[%emt 0:00:00]} 4. Bg2 {[%emt 0:00:34]} d5 {[%emt 0:00:00]} 5. Nf3 {[%emt 0:00:05]} Bg7 {[%emt 0:00:19]} 6. O-O {[%emt 0:00:07]} O-O {[%emt 0:00:14]} 7. b3 {[%emt 0:00:04]} dxc4 {[%emt 0:02:01]} 8. bxc4 {[%emt 0:00:05]} c5 {[%emt 0:00:03]} 9. Bb2 {[%emt 0:00:10]} Qb6 {[%emt 0:00:26]} 10. Qc1 {[%emt 0:02:05]} cxd4 {[%emt 0:18:46]} 11. Nxd4 {[%emt 0:00:03]} Nc6 {[%emt 0:02:59]} 12. Nxc6 {[%emt 0:00:21]} bxc6 {[%emt 0:00:02]} 13. Nd2 {[%emt 0:00:18]} Be6 {[%emt 0:03:19]} 14. Rb1 {[%emt 0:13:15]} Qa6 {[%emt 0:04:36]} 15. Be5 {[%emt 0:21:08]} Rfd8 {[%emt 0:08:46]} 16. Qc3 {[%emt 0:16:16]} Bh6 {[%emt 0:16:04]} 17. Bf4 {[%emt 0:14:36]} Bxf4 {[%emt 0:07:53]} 18. gxf4 {[%emt 0:00:02]} 1/2-1/2

[Event "Summer Prague Open A 2020"]
[Site "Prague"]
[Date "2020.08.12"]
[Round "6.4"]
[White "Roseneck, Jonas"]
[Black "Slampa, Jan"]
[Result "1/2-1/2"]
[WhiteElo "2416"]
[BlackElo "2264"]
[Annotator "ChessBase"]
[PlyCount "127"]
[EventDate "2020.08.08"]
[EventCountry "CZE"]
[SourceTitle "playchess.com"]
[Source "ChessBase"]
[SourceQuality "1"]
[TimeControl "40/5400+30:1800+30"]

1. e4 {[%emt 0:00:00]} c5 {[%emt 0:00:00]} 2. Nf3 {[%emt 0:00:00]} e6 {[%emt 0:00:00]} 3. d4 {[%emt 0:00:00]} cxd4 {[%emt 0:00:00]} 4. Nxd4 {[%emt 0:00:00]} Nc6 {[%emt 0:00:04]} 5. Nc3 {[%emt 0:00:00]} Qc7 {[%emt 0:00:10]} 6. Be3 {[%emt 0:00:00]} Nf6 {[%emt 0:01:02]} 7. Qf3 {[%emt 0:00:09]} a6 {[%emt 0:04:03]} 8. O-O-O {[%emt 0:00:31]} d6 {[%emt 0:07:26]} 9. Nxc6 {[%emt 0:13:25]} bxc6 {[%emt 0:02:10]} 10. g4 {[%emt 0:00:17]} d5 {[%emt 0:06:14]} 11. g5 {[%emt 0:05:15]} Nd7 {[%emt 0:01:51]} 12. exd5 {[%emt 0:01:29]} cxd5 {[%emt 0:00:49]} 13. Bd4 {[%emt 0:01:39]} Bb7 {[%emt 0:02:17]} 14. h4 {[%emt 0:11:14]} Rc8 {[%emt 0:04:08]} 15. Bh3 {[%emt 0:09:16]} Nc5 {[%emt 0:21:28]} 16. Qe2 {[%emt 0:25:44]} Ne4 {[%emt 0:03:32]} 17. Nxe4 {[%emt 0:04:17]} dxe4 {[%emt 0:01:49]} 18. Bg2 {[%emt 0:00:17]} h6 {[%emt 0:07:48]} 19. Rhe1 {[%emt 0:09:55]} hxg5 {[%emt 0:01:02]} 20. hxg5 {[%emt 0:00:01]} Rh4 {[%emt 0:04:26]} 21. Kb1 {[%emt 0:00:47]} Qf4 {[%emt 0:05:40]} 22. Be3 {[%emt 0:00:39]} Qe5 {[%emt 0:01:16]} 23. Qd2 {[%emt 0:01:51]} Bd5 {[%emt 0:04:46]} 24. Bf1 {[%emt 0:00:29]} Rb8 {[%emt 0:01:48]} 25. c4 {[%emt 0:02:05]} Bc6 {[%emt 0:00:01]} 26. Ba7 {[%emt 0:02:53]} Ra8 {[%emt 0:04:46]} 27. Bd4 {[%emt 0:00:06]} Qf5 {[%emt 0:01:30]} 28. Be3 {[%emt 0:01:52]} Be7 {[%emt 0:00:38]} 29. Be2 {[%emt 0:02:19]} Bxg5 {[%emt 0:05:51]} 30. Qd6 {[%emt 0:06:01]} Rc8 {[%emt 0:00:18]} 31. Bxg5 {[%emt 0:00:18]} Qxg5 {[%emt 0:00:51]} 32. c5 {[%emt 0:00:13]} Qe7 {[%emt 0:03:26]} 33. Qe5 {[%emt 0:02:05]} Bd5 {[%emt 0:02:08]} 34. Bxa6 {[%emt 0:00:51]} Rxc5 {[%emt 0:00:38]} 35. Qxg7 {[%emt 0:00:23]} Rf4 {[%emt 0:01:20]} 36. Qh8+ {[%emt 0:00:32]} Kd7 {[%emt 0:00:51]} 37. Qd4 {[%emt 0:00:32]} Qd6 {[%emt 0:00:26]} 38. Bf1 {[%emt 0:00:50]} Ke7 {[%emt 0:00:51]} 39. Qe3 {[%emt 0:00:42]} Rf3 {[%emt 0:01:05]} 40. Qg5+ {[%emt 0:00:22]} Kd7 {[%emt 0:00:08]} 41. Qd2 {[%emt 0:02:17]} Ke7 {[%emt 0:06:50]} 42. Ka1 {[%emt 0:05:14]} Qc7 {[%emt 0:04:05]} 43. Rc1 {[%emt 0:03:22]} Qa7 {[%emt 0:01:35]} 44. b3 {[%emt 0:02:09]} Rxf2 {[%emt 0:00:55]} 45. Be2 {[%emt 0:01:31]} Qa3 {[%emt 0:08:04]} 46. Rxc5 {[%emt 0:04:44]} Qxc5 {[%emt 0:00:11]} 47. Rc1 {[%emt 0:00:02]} Qd6 {[%emt 0:00:25]} 48. Qg5+ {[%emt 0:01:11]} Rf6 {[%emt 0:04:43]} 49. Rf1 {[%emt 0:00:05]} e5 {[%emt 0:00:03]} 50. Rf5 {[%emt 0:01:16]} Bc6 {[%emt 0:00:25]} 51. Kb1 {[%emt 0:01:10]} Bd7 {[%emt 0:03:21]} 52. Rxe5+ {[%emt 0:00:17]} Kf8 {[%emt 0:00:01]} 53. Rd5 {[%emt 0:01:39]} Qe7 {[%emt 0:00:41]} 54. Qh5 {[%emt 0:01:22]} Kg7 {[%emt 0:02:35]} 55. Qg5+ {[%emt 0:00:22]} Kf8 {[%emt 0:00:02]} 56. Bc4 {[%emt 0:03:16]} Rg6 {[%emt 0:00:44]} 57. Qh5 {[%emt 0:01:51]} Rg1+ {[%emt 0:00:37]} 58. Kc2 {[%emt 0:01:09]} Rg2+ {[%emt 0:00:04]} 59. Rd2 {[%emt 0:00:34]} Rxd2+ {[%emt 0:01:35]} 60. Kxd2 {[%emt 0:00:01]} Qf6 {[%emt 0:01:14]} 61. Ke3 {[%emt 0:01:18]} Bc6 {[%emt 0:00:22]} 62. a4 {[%emt 0:01:41]} Qc3+ {[%emt 0:01:07]} 63. Ke2 {[%emt 0:00:59]} Qc2+ {[%emt 0:00:21]} 64. Ke3 {[%emt 0:00:31]} 1/2-1/2

[Event "Summer Prague Open A 2020"]
[Site "Prague"]
[Date "2020.08.12"]
[Round "6.5"]
[White "Neuman, Petr"]
[Black "Michalczak, Thomas"]
[Result "1-0"]
[WhiteElo "2376"]
[BlackElo "2245"]
[Annotator "ChessBase"]
[PlyCount "67"]
[EventDate "2020.08.08"]
[EventCountry "CZE"]
[SourceTitle "playchess.com"]
[Source "ChessBase"]
[SourceQuality "1"]
[TimeControl "40/5400+30:1800+30"]

1. c4 {[%emt 0:00:00]} e6 {[%emt 0:00:23]} 2. Nc3 {[%emt 0:00:00]} d5 {[%emt 0:00:06]} 3. d4 {[%emt 0:00:00]} Nf6 {[%emt 0:00:03]} 4. cxd5 {[%emt 0:00:00]} exd5 {[%emt 0:00:06]} 5. Bg5 {[%emt 0:00:04]} Nbd7 {[%emt 0:00:05]} 6. e3 {[%emt 0:00:08]} c6 {[%emt 0:00:05]} 7. Bd3 {[%emt 0:00:09]} Be7 {[%emt 0:00:06]} 8. Nge2 {[%emt 0:00:10]} Nh5 {[%emt 0:00:13]} 9. Bxe7 {[%emt 0:00:07]} Qxe7 {[%emt 0:00:06]} 10. g4 {[%emt 0:00:13]} Nhf6 {[%emt 0:00:19]} 11. Ng3 {[%emt 0:00:11]} g6 {[%emt 0:01:28]} 12. g5 {[%emt 0:09:52]} Ng8 {[%emt 0:00:10]} 13. h4 {[%emt 0:00:08]} h6 {[%emt 0:00:23]} 14. h5 {[%emt 0:00:50]} Qxg5 {[%emt 0:01:28]} 15. hxg6 {[%emt 0:01:42]} fxg6 {[%emt 0:00:09]} 16. Qc2 {[%emt 0:00:14]} Nf8 {[%emt 0:01:13]} 17. O-O-O {[%emt 0:00:20]} Ne7 {[%emt 0:11:27]} 18. Kb1 {[%emt 0:05:02]} Bd7 {[%emt 0:08:44]} 19. b4 {[%emt 0:11:42]} Qf6 {[%emt 0:05:54]} 20. e4 {[%emt 0:01:47]} Qxd4 {[%emt 0:00:54]} 21. exd5 {[%emt 0:01:07]} Qxb4+ {[%emt 0:00:27]} 22. Ka1 {[%emt 0:00:04]} O-O-O {[%emt 0:06:16]} 23. Rb1 {[%emt 0:00:26]} Qd4 {[%emt 0:07:26]} 24. Nge2 {[%emt 0:07:44]} Qf6 {[%emt 0:06:25]} 25. Ba6 {[%emt 0:03:33]} cxd5 {[%emt 0:06:15]} 26. Bxb7+ {[%emt 0:01:36]} Kc7 {[%emt 0:00:09]} 27. Qb2 {[%emt 0:01:54]} d4 {[%emt 0:12:29]} 28. Rhc1 {[%emt 0:06:25]} dxc3 {[%emt 0:12:29]} 29. Rxc3+ {[%emt 0:00:24]} Kd6 {[%emt 0:02:31]} 30. Rd3+ {[%emt 0:01:48]} Ke6 {[%emt 0:00:16]} 31. Rd6+ {[%emt 0:00:07]} Kxd6 {[%emt 0:00:10]} 32. Qxf6+ {[%emt 0:00:06]} Ne6 {[%emt 0:00:15]} 33. Rd1+ {[%emt 0:00:20]} Kc7 {[%emt 0:00:38]} 34. Qxe7 {[%emt 0:00:05]} 1-0

[Event "Summer Prague Open A 2020"]
[Site "Prague"]
[Date "2020.08.12"]
[Round "6.6"]
[White "Kasioumis, Vasilios"]
[Black "Vokac, Marek"]
[Result "1-0"]
[WhiteElo "2277"]
[BlackElo "2362"]
[Annotator "ChessBase"]
[PlyCount "103"]
[EventDate "2020.08.08"]
[EventCountry "CZE"]
[SourceTitle "playchess.com"]
[Source "ChessBase"]
[SourceQuality "1"]
[TimeControl "40/5400+30:1800+30"]

1. e4 {[%emt 0:00:00]} c5 {[%emt 0:00:28]} 2. Nf3 {[%emt 0:00:00]} Nc6 {[%emt 0:00:20]} 3. d4 {[%emt 0:00:00]} cxd4 {[%emt 0:00:13]} 4. Nxd4 {[%emt 0:00:00]} Qb6 {[%emt 0:00:07]} 5. Nb3 {[%emt 0:00:00]} Nf6 {[%emt 0:00:11]} 6. Nc3 {[%emt 0:00:03]} e6 {[%emt 0:00:03]} 7. Bd3 {[%emt 0:00:09]} Be7 {[%emt 0:00:52]} 8. Be3 {[%emt 0:00:07]} Qc7 {[%emt 0:00:03]} 9. f4 {[%emt 0:00:13]} d6 {[%emt 0:00:07]} 10. Qf3 {[%emt 0:01:09]} a6 {[%emt 0:00:10]} 11. g4 {[%emt 0:09:09]} Nd7 {[%emt 0:02:09]} 12. O-O-O {[%emt 0:03:57]} b5 {[%emt 0:00:24]} 13. Kb1 {[%emt 0:01:20]} Bb7 {[%emt 0:04:10]} 14. g5 {[%emt 0:05:13]} Nb4 {[%emt 0:06:20]} 15. Rhf1 {[%emt 0:06:19]} Rc8 {[%emt 0:02:30]} 16. a3 {[%emt 0:18:50]} Nxd3 {[%emt 0:03:47]} 17. cxd3 {[%emt 0:00:34]} O-O {[%emt 0:01:41]} 18. Nd4 {[%emt 0:06:05]} g6 {[%emt 0:08:36]} 19. Qh3 {[%emt 0:03:09]} e5 {[%emt 0:00:31]} 20. Nde2 {[%emt 0:07:19]} exf4 {[%emt 0:16:53]} 21. Nxf4 {[%emt 0:00:27]} Qd8 {[%emt 0:14:52]} 22. Ncd5 {[%emt 0:08:25]} Nc5 {[%emt 0:06:47]} 23. Nf6+ {[%emt 0:02:31]} Bxf6 {[%emt 0:00:32]} 24. gxf6 {[%emt 0:00:04]} Kh8 {[%emt 0:21:40]} 25. Bd4 {[%emt 0:02:33]} Nb3 {[%emt 0:00:27]} 26. Qh6 {[%emt 0:00:36]} Rg8 {[%emt 0:00:01]} 27. Bc3 {[%emt 0:09:52]} Qf8 {[%emt 0:06:32]} 28. Qg7+ {[%emt 0:04:12]} Rxg7 {[%emt 0:00:28]} 29. fxg7+ {[%emt 0:00:05]} Qxg7 {[%emt 0:00:10]} 30. Bxg7+ {[%emt 0:00:04]} Kxg7 {[%emt 0:00:08]} 31. Ka2 {[%emt 0:00:25]} Nd4 {[%emt 0:02:02]} 32. Rc1 {[%emt 0:00:32]} Bc6 {[%emt 0:01:37]} 33. b4 {[%emt 0:03:37]} Re8 {[%emt 0:00:02]} 34. Kb2 {[%emt 0:00:26]} g5 {[%emt 0:01:21]} 35. Kc3 {[%emt 0:00:50]} Ne6 {[%emt 0:00:08]} 36. Nxe6+ {[%emt 0:00:28]} Rxe6 {[%emt 0:00:31]} 37. Kd4 {[%emt 0:00:21]} Be8 {[%emt 0:00:18]} 38. Rc7 {[%emt 0:01:52]} h5 {[%emt 0:00:18]} 39. Ra7 {[%emt 0:02:17]} Rg6 {[%emt 0:01:05]} 40. Rxa6 {[%emt 0:01:33]} Bd7 {[%emt 0:00:43]} 41. Ke3 {[%emt 0:32:22]} g4 {[%emt 0:30:19]} 42. d4 {[%emt 0:02:43]} h4 {[%emt 0:00:00]} 43. Ra7 {[%emt 0:00:00]} Be8 {[%emt 0:00:00]} 44. Rg1 {[%emt 0:00:00]} Kf6 {[%emt 0:00:00]} 45. Kf4 {[%emt 0:00:00]} g3 {[%emt 0:00:00]} 46. hxg3 {[%emt 0:00:00]} h3 {[%emt 0:00:00]} 47. g4 {[%emt 0:00:00]} Kg7 {[%emt 0:00:00]} 48. g5 {[%emt 0:00:00]} Kf8 {[%emt 0:00:00]} 49. Rh1 {[%emt 0:00:00]} f6 {[%emt 0:00:00]} 50. Rxh3 {[%emt 0:00:00]} fxg5+ {[%emt 0:00:00]} 51. Kf5 {[%emt 0:00:00]} Rg8 {[%emt 0:00:00]} 52. Rh6 {[%emt 0:00:00]} 1-0

[Event "Summer Prague Open A 2020"]
[Site "Prague"]
[Date "2020.08.12"]
[Round "6.7"]
[White "Hrabusa, Matej"]
[Black "Haack, Kevin"]
[Result "1-0"]
[WhiteElo "2350"]
[BlackElo "2180"]
[Annotator "ChessBase"]
[PlyCount "51"]
[EventDate "2020.08.08"]
[EventCountry "CZE"]
[SourceTitle "playchess.com"]
[Source "ChessBase"]
[SourceQuality "1"]
[TimeControl "40/5400+30:1800+30"]

1. Nf3 {[%emt 0:00:00]} Nf6 {[%emt 0:00:00]} 2. g3 {[%emt 0:00:00]} e6 {[%emt 0:00:08]} 3. Bg2 {[%emt 0:00:16]} Be7 {[%emt 0:00:31]} 4. O-O {[%emt 0:00:16]} O-O {[%emt 0:00:12]} 5. Re1 {[%emt 0:00:50]} d5 {[%emt 0:00:22]} 6. d3 {[%emt 0:00:13]} c5 {[%emt 0:00:49]} 7. Nbd2 {[%emt 0:00:13]} Nc6 {[%emt 0:01:37]} 8. e4 {[%emt 0:02:44]} Qc7 {[%emt 0:02:11]} 9. e5 {[%emt 0:00:51]} Nd7 {[%emt 0:01:01]} 10. Qe2 {[%emt 0:00:09]} b5 {[%emt 0:03:27]} 11. Nf1 {[%emt 0:01:27]} a5 {[%emt 0:03:27]} 12. h4 {[%emt 0:02:55]} Ba6 {[%emt 0:02:05]} 13. Bf4 {[%emt 0:01:28]} a4 {[%emt 0:06:44]} 14. Ne3 {[%emt 0:06:54]} a3 {[%emt 0:03:48]} 15. b3 {[%emt 0:04:06]} d4 {[%emt 0:06:00]} 16. Ng4 {[%emt 0:01:19]} c4 {[%emt 0:03:27]} 17. Nf6+ {[%emt 0:09:26]} Kh8 {[%emt 0:18:20]} 18. Ng5 {[%emt 0:04:46]} gxf6 {[%emt 0:12:18]} 19. exf6 {[%emt 0:02:14]} Bd6 {[%emt 0:01:19]} 20. Qh5 {[%emt 0:13:36]} Nxf6 {[%emt 0:00:10]} 21. Qh6 {[%emt 0:00:06]} Bxf4 {[%emt 0:01:57]} 22. Qxf6+ {[%emt 0:00:11]} Kg8 {[%emt 0:00:02]} 23. gxf4 {[%emt 0:02:46]} Bb7 {[%emt 0:05:35]} 24. Be4 {[%emt 0:00:39]} Rfe8 {[%emt 0:01:07]} 25. Bxh7+ {[%emt 0:00:47]} Kf8 {[%emt 0:00:06]} 26. Rxe6 {[%emt 0:01:20]} 1-0